Ken Jeong Movies! - Statistics

General Stats
  • This quiz has been taken 6 times
  • The average score is 8 of 58
Answer Stats
Hint Answer % Correct
2007 Knocked Up
50%
2009 The Hangover
50%
2021 Tom and Jerry
50%
2019 Avengers: Endgame
33%
2009 Couples Retreat
33%
2010 Despicable Me
33%
2013 Despicable Me 2
33%
2018 Goosebumps 2: Haunted Halloween
33%
2014 Penguins of Madagascar
33%
2011 The Hangover Part II
33%
2013 The Hangover Part III
33%
2011 Transformers: Dark of the Moon
33%
2013 Turbo
33%
2021 Boss Level
17%
2018 Crazy Rich Asians
17%
2019 Lady and the Tramp
17%
2020 My Spy
17%
2020 Over the Moon
17%
2013 Pain and Gain
17%
2008 Pineapple Express
17%
2016 Ride Along 2
17%
2008 Role Models
17%
2020 Scoob!
17%
2013 Spy
17%
2008 Step Brothers
17%
2015 The DUFF
17%
2011 The Muppets
17%
2010 Vampires Suck
17%
2019 Wonder Park
17%
2011 Zookeeper
17%
2017 A Christmas Story Live!
0%
2015 Advantageous
0%
2009 All About Steve
0%
2011 Big Mommas: Like Father, Like Son
0%
2010 Birds of Paradise
0%
1998 Black Jaq
0%
2019 Elsewhere
0%
TBD El Tonto
0%
2021 Extinct
0%
2010 Furry Vengeance
0%
2008 Held Up
0%
2010 How to Make Love to a Woman
0%
2015 Ken Jeong Made Me Do It
0%
2017 Killing Hasselhoff
0%
2015 Ktown Cowboys
0%
2021 Music
0%
2015 Norm of the North
0%
2020 Occupation: Rainfall
0%
2009 Off Duty
0%
2013 Rapture-Palooza
0%
2019 Saving Zoe
0%
2015 Seoul Searching
0%
2009 The Goods: Live Hard, Sell Hard
0%
2018 Then Came You
0%
2020 The Opening Act
0%
2006 Three Strikes
0%
2007 Uncle P
0%
TBD Unqualified
0%
No matching quizzes found
Score Distribution
Percent of People with Each Score
Percentile by Number Answered
Your Score History
You have not taken this quiz